Monaco-Quiz - Sudden Death - Statistiken

Allgemein
  • Dieses Quiz wurde 141 mal gespielt
  • Das Durchschnittsergebnis liegt bei 3 aus 10
Answers on the Grid
Answers color-coded by a green-red scale on the quiz's grid according to % correct below.
Dies ist die Flagge Monacos: 🇲🇨
Die Hauptstadt Monacos ist ebenfalls Monaco
Monaco ist das Land mit der höchsten Bevölkerungsdichte weltweit
Monaco ist Teil der Europäischen Union
Monaco konnte bisher keinen ESC-Sieg erzielen
Monaco ist in der NATO
Monaco ist das Land mit der höchsten Lebenserwartung
Monaco hat das höchste BIP pro Kopf
Monaco grenz an ein Land mit dieser Flagge: 🇫🇷
Monaco ist ein Binnenstaat
Monaco ist das kleinste Land der Welt
Monaco hat weniger Einwohner als San Marino
Monaco verfügt über einen Teil der Alpen
Monaco wird nicht von der Donau durchflossen
Das KFZ-Kennzeichen von Monaco lautet "MC"
Der größte Teil der Bevölkerung Monacos spricht Monegassisch
Monaco ist ein Großherzogtum
Monaco ist in 10 offizielle Verwaltungsbezirke eingeteilt
In Monaco leben mehr Männer als Frauen
Monacos Staatsoberhaupt ist Albert lll.
 
Antwortstatistiken
Antwort % Korrekt
Monaco grenz an ein Land mit dieser Flagge: 🇫🇷
55%
Die Hauptstadt Monacos ist ebenfalls Monaco
43%
Dies ist die Flagge Monacos: 🇲🇨
43%
Monaco ist das Land mit der höchsten Bevölkerungsdichte weltweit
36%
Monaco wird nicht von der Donau durchflossen
34%
Monaco verfügt über einen Teil der Alpen
33%
Monaco hat das höchste BIP pro Kopf
22%
In Monaco leben mehr Männer als Frauen
16%
Das KFZ-Kennzeichen von Monaco lautet "MC"
15%
Monaco ist das Land mit der höchsten Lebenserwartung
13%
Keine übereinstimmenden Quizze gefunden
Verteilung der Resultate
Anzahl Personen mit jedem Resultat
Perzentil nach korrekt beantworteten Fragen
Ihre Resultats-Entwicklung
Sie haben dieses Quiz noch nicht gespielt